000 00501nam a22001697a 4500
005 20240821130857.0
008 240821b |||||||| |||| 00| 0 eng d
020 _a9780071703284
082 _a005.177
_bBRA-O
100 _aBrannan, James A.
245 _aObjective-C for iPhone Developers, :
_bA Beginner's Guide /
_cJames A.Brannan
260 _aIndia:
_bMcGraw-hill;
_c2010.
300 _axiv, 365 p. :
_bill;
_c24 cm.
500 _ainclude index.
650 _aMobile application
999 _c36435
_d36435